|
|
|
|
| LEADER |
00891nam a2200217 a 4500 |
| 001 |
10254008 |
| 008 |
090706s1995 nyu 000 0 eng d |
| 010 |
|
|
|a 53003322
|
| 020 |
|
|
|a 8171565638
|
| 040 |
|
|
|a DLC
|c OKentU
|d OCoLC
|d DLC
|
| 082 |
|
|
|a 810.4
|2 20
|
| 100 |
1 |
|
|a Lawrence, D. H.
|q (David Herbert),
|d 1885-1930.
|
| 245 |
1 |
0 |
|a Studies in classic American literature./
|c Lawrence, D.H.
|
| 260 |
|
|
|a Garden City, N.Y.,
|b Doubleday ;
|a New Delhi :
|b Atlantic Publishers & Distributors
|c 1995
|
| 300 |
|
|
|a 191 p. ;
|c 18 cm.
|
| 490 |
1 |
|
|a Doubleday anchor book,
|v A5
|
| 541 |
1 |
|
|e 00014501
|
| 650 |
|
0 |
|a American literature
|x History and criticism.
|
| 852 |
4 |
|
|a Ayesha Abed Library
|j General shelf
|
| 999 |
|
|
|c 2039
|d 2039
|
| 952 |
|
|
|0 0
|1 4
|2 ddc
|4 0
|6 810_400000000000000_LAW
|7 0
|9 1875
|a BRACUL
|b BRACUL
|c GEN
|d 2009-07-06
|g 950.00
|l 0
|o 810.4 LAW
|p 3010014501
|r 2009-07-06
|t 1
|v 1900.00
|w 2009-07-06
|y BK
|x Koha Inventory 2020
|